Vývoj poistného trhu krajín Vyšehradskej štvorky v období 1995-2007
Gespeichert in:
| 1. Verfasser: | |
|---|---|
| Körperschaft: | |
| Weitere Verfasser: | , , , , , , , |
| Format: | Buch |
| Sprache: | Slowakisch |
| Veröffentlicht: |
Bratislava
Vydavateľstvo EKONÓM
2009
|
| Schlagworte: | |
| Tags: |
Keine Tags, Fügen Sie das erste Tag hinzu!
|
MARC
| LEADER | 00000nam$a2200000$$$4500 | ||
|---|---|---|---|
| 001 | 0091688 | ||
| 005 | 20240502072025.6 | ||
| 020 | |a 978-80-225-2677-7 | ||
| 041 | 0 | |a slo | |
| 044 | |a SK | ||
| 245 | 1 | 0 | |a Vývoj poistného trhu krajín Vyšehradskej štvorky v období 1995-2007 |c Eva Ducháčková ... [et al.] |
| 264 | 1 | |a Bratislava |b Vydavateľstvo EKONÓM |c 2009 | |
| 300 | |a 151 s. | ||
| 610 | 2 | 0 | |a trh poistný |
| 610 | 2 | 0 | |a spolupráca medzinárodná |
| 610 | 2 | 0 | |a makroekonomika |
| 610 | 2 | 0 | |a vývoj |
| 610 | 2 | 0 | |a poisťovníctvo |
| 610 | 2 | 0 | |a zákony |
| 610 | 2 | 0 | |a podnikanie |
| 610 | 2 | 0 | |a legislatíva |
| 610 | 2 | 0 | |a dane |
| 610 | 2 | 0 | |a ukazovatele |
| 610 | 2 | 0 | |a poistné |
| 610 | 2 | 0 | |a náklady |
| 610 | 2 | 0 | |a Slovensko |
| 610 | 2 | 0 | |a Česko |
| 610 | 2 | 0 | |a Maďarsko |
| 610 | 2 | 0 | |a Poľsko |
| 100 | 1 | |a Ducháčková, Eva | |
| 700 | 1 | |a Lejková, Zuzana | |
| 700 | 1 | |a Kafková, Eva | |
| 700 | 1 | |a Majtánová, Anna | |
| 700 | 1 | |a Meheš, Marek | |
| 700 | 1 | |a Szkarlat, Anna | |
| 700 | 1 | |a Vološinová, Darina | |
| 700 | 1 | |a Daňhel, Jaroslav | |
| 700 | 1 | |a Bačová, Monika | |
| 710 | 2 | |a Ekonomická univerzita v Bratislave. Podnikovohospodárska fakulta so sídlom v Košiciach | |